000 01225nam a2200301 c 4500
003 BLK
005 20250515085635.0
008 180410b bul|||||r ||||||| ||bul||
010 _aKNG00170848000
040 _aBLK
041 _aBUL
_cBUL
080 _aБългарска литература
_b821.163.2
_x-311.6
_z821.163.2-311.6
100 1 _aПопова-Мутафова, Фани Добрева
_d1902-1977
_gписател
_eпърви автор
_9366640
139 _aПопова-Мутафова, Фани Добрева
_bП 76
245 1 0 _aДъщерята на Калояна
_bИст. роман
_cФани Добрева Попова-Мутафова.
250 _a5. изд.
257 _aBGR
260 София
_bОФ
_c1981
300 _a367 с.
_c22 см
380 _aX
500 _a1. изд. 1936. - Кн. е ч. 2 от трилогията Асеновци. - 80 000 тир. ; 40 200 екз. от тир.
852 _aЦб 109244
856 4 _qpdf
_u
856 4 _qpdf
_u
942 _cKNG
_n0
_017
944 _aCR
_c06.02.2015
_lРусанова Ирена
_k30542
944 _aED
_c12.09.2017
_l06.02.2015 - от С1,Р / 06.02.2015
_kСевдалина_Василева
999 _c163438
_d163438